Mysticsm of the mahabharta / (Record no. 135885)
[ view plain ]
| 000 -LEADER | |
|---|---|
| fixed length control field | 00511nam a22001937a 4500 |
| 005 - DATE AND TIME OF LATEST TRANSACTION | |
| control field | 20170124110251.0 |
| 010 ## - LIBRARY OF CONGRESS CONTROL NUMBER | |
| LC control number | A-750702 |
| 020 ## - INTERNATIONAL STANDARD BOOK NUMBER | |
| Terms of availability | 00.00 |
| 035 ## - SYSTEM CONTROL NUMBER | |
| System control number | A-750702 |
| 037 ## - SOURCE OF ACQUISITION | |
| Source of stock number/acquisition | Cen Lib/Ret |
| 040 ## - CATALOGING SOURCE | |
| Original cataloging agency | DPL |
| Language of cataloging | EN |
| 082 ## - DEWEY DECIMAL CLASSIFICATION NUMBER | |
| Classification number | 230.2 |
| Item number | JYO |
| 100 ## - MAIN ENTRY--PERSONAL NAME | |
| Personal name | Jyotirmayananda |
| 9 (RLIN) | 99020 |
| 245 ## - TITLE STATEMENT | |
| Title | Mysticsm of the mahabharta / |
| Statement of responsibility, etc | by Jyotirmayananda |
| 300 ## - PHYSICAL DESCRIPTION | |
| Extent | 268p. : |
| Dimensions | 20cm(Hb) |
| Other physical details | ill. |
| 650 ## - SUBJECT ADDED ENTRY--TOPICAL TERM | |
| Topical term or geographic name as entry element | Hinduism |
| 9 (RLIN) | 112948 |
| 650 ## - SUBJECT ADDED ENTRY--TOPICAL TERM | |
| Topical term or geographic name as entry element | Bhishma parva |
| 9 (RLIN) | 99022 |
| 942 ## - ADDED ENTRY ELEMENTS (KOHA) | |
| Source of classification or shelving scheme | Dewey Decimal Classification |
| Koha item type | English Books |
| Classification part | 230.2 |
| Call number suffix | JYO |
| Withdrawn status | Lost status | Damaged status | Not for loan | Home library | Current library | Date acquired | Source of acquisition | Cost, normal purchase price | Total Checkouts | Full call number | Barcode | Date last seen | Copy number | Cost, replacement price | Price effective from | Koha item type |
|---|---|---|---|---|---|---|---|---|---|---|---|---|---|---|---|---|
| Central Library | Central Library | 08/10/2015 | Cen Lib/Ret | 0.00 | 230.2 JYO | A-750702 | 08/10/2015 | 1 | 0.00 | 08/10/2015 | English Books |
